|
|
|
|
| LEADER |
00000nam0a2200000 4500 |
| 001 |
185899 |
| 005 |
20231101223940.0 |
| 035 |
|
|
|a (RuTPU)RU\TPU\book\201716
|
| 090 |
|
|
|a 185899
|
| 100 |
|
|
|a 20101019d2010 m y0rusy50 ca
|
| 101 |
0 |
|
|a eng
|
| 102 |
|
|
|a RU
|
| 105 |
|
|
|a a j 001zy
|
| 200 |
1 |
|
|a Практика устной речи (Формат FCE Speaking)
|e учебное пособие для вузов
|f Национальный исследовательский Томский политехнический университет (ТПУ) ; сост. Ю. В. Шишковская
|
| 210 |
|
|
|a Томск
|c Изд-во ТПУ
|d 2010
|
| 215 |
|
|
|a 121 с.
|c ил.
|
| 320 |
|
|
|a Библиогр.: с. 120.
|
| 330 |
|
|
|a Пособие включает блоки, каждый из которых имеет определенное методическое назначение; также представлены разделы, предназначенные для развития речевого слуха, умения вероятностного прогнозирования. Пособие направлено на совершенствование умений и навыков восприятия устной речи на английском языке. Предназначено для преподавателей, обучающихся в системе послевузовской подготовки по специальности «Английский язык», а также может использоваться студентами и слушателями языковых курсов.
|
| 452 |
|
1 |
|0 (RuTPU)RU\TPU\book\215304
|t Практика устной речи (Формат FCE Speaking)
|l Oral practice (fce speaking)
|o учебное пособие
|f Национальный исследовательский Томский политехнический университет (ТПУ) ; сост. Ю. В. Шишковская
|c Томск
|n Изд-во ТПУ
|d 2010
|
| 606 |
1 |
|
|a Английский язык
|x Учебные руководства и пособия
|x Пособия по развитию речи, разговорники
|2 stltpush
|3 (RuTPU)RU\TPU\subj\29074
|9 52486
|
| 610 |
1 |
|
|a лексика
|
| 610 |
1 |
|
|a разговорная речь
|
| 610 |
1 |
|
|a разговорные темы
|
| 610 |
1 |
|
|a разговорный язык
|
| 610 |
1 |
|
|a устная речь
|
| 610 |
1 |
|
|a восприятие
|
| 686 |
|
|
|a Ш143.21-923.4
|v LBC/SL-A
|2 rubbk
|
| 702 |
|
1 |
|a Шишковская
|b Ю. В.
|c лингвист
|c старший преподаватель Томского политехнического университета
|g Юлия Владимировна
|2 stltpush
|3 (RuTPU)RU\TPU\pers\26960
|4 220
|
| 712 |
0 |
2 |
|a Национальный исследовательский Томский политехнический университет (ТПУ)
|c (2009- )
|2 stltpush
|3 (RuTPU)RU\TPU\col\15902
|
| 801 |
|
1 |
|a RU
|b 63413507
|c 20101019
|
| 801 |
|
2 |
|a RU
|b 63413507
|c 20110610
|g RCR
|
| 942 |
|
|
|c BK
|